000
00254nam a22000857a 4500
008
170605b xxu||||| |||| 00| 0 eng d
100
_9
3269
_a
Mittal .V
245
_a
Lets Discover: The environment around us bookworm
260
_a
New Delhi
_b
Arya publication
_c
2004
999
_c
6583
_d
6583